00913 a2200145 4500003000500000005001700005040000900022082001500031100003000046245010800076260003200184300000700216505051600223650002800739Nust20230503074455.0 cNust a927.12,STE a Barrie,Abdul Ghani Ahmed aA-Z steps to Leadership :bfrom the Quran and words of the Prophet Muhammad /cAbdul Ghani Ahmed Barrie aIndiabGoodword Booksc1997 a58 aAbility (Page-9),Bravery (Page-11), Calmness (Page-13), Dependability(Page-15),Exemplariness (Page-17),Fairness (Page-20), Genuineness (Page-22), Honesty (Page-24), Initiative (Page-26),Judgment (Page-28),Knowledge(Page-30), Liberalism (Page-33),Modesty (Page-35), Nobility (Page-37), Organization (Page-39),Personality (Page-42), Quality (Page-43), Responsibility (Page-44), Sacrifice (Page-46),Teamwork (Page-48), Understanding (Page-50),Versatility (Page-52),Wisdom (Page-54),Youth (Page-56), Zeal(Page-58). aA-Z steps to leadership